Könnyűrulett (Befejező rész). {Ruleta}

Elmentve itt :
Bibliográfiai részletek
Szerző: FARKAS WELLMANN Endre
Adatforrás:Meister
Forrásdokumentuma:Helikon. -
2001. 2, 10-12.
Nyelv:magyar
Kulcsszavak:próza
proza scurta
short story
LEADER 00390nab a2200145 i 4500
001 bibPRO00011321
008 080908s2001 xx hun
040 |a Sz1 
041 |a hun 
100 1 |a FARKAS WELLMANN Endre 
245 1 0 |a Könnyűrulett (Befejező rész). {Ruleta}  |c FARKAS WELLMANN Endre 
695 |a próza 
695 |a proza scurta 
695 |a short story 
773 0 |t Helikon. -  |g 2001. 2, 10-12.